000
00320nam a2200133Ia 4500
008
150201s2003 xx 000 0 und d
082
_a
616
_b
R03H
100
_a
HOCHBERG,MARC C
245
_a
RHEUMATOLOGY-1
250
_a
2ND
260
_b
MOSBY ELSEVIER
_a
DELHI
_c
2003
650
_a
MEDICINE AND DIAGNOSIS
942
_2
ddc
_c
BK
999
_c
721
_d
721